000 00537nam a22001817a 4500
005 20251108174829.0
008 250721s2009 xx 000 0 eng d
082 1 4 _aWB/337.56051/PUG
100 1 _aPIGATO, MIRIA
245 1 0 _aStrengthening China is and India is Trade and Investment Ties to the Middle East and north Africa /
264 1 _aWashington :
_bThe World Bank,
_c2009.
300 _a187 P.
490 0 _aORIENTATIONS IN DEVELOPMENT
650 1 7 _aMIDDLE EAST
650 1 7 _aAFRICA
942 _2ddc
_cBK
999 _c119206
_d119206